Athletes by Country Quiz #1 - Statistics

General Stats
  • This quiz has been taken 45,441 times
    27,040 since last reset
  • The average score is 16 of 24
Answer Stats
Athlete Country % Correct
Michael Jordan United States
100%
David Beckham United Kingdom
97%
Usain Bolt Jamaica
95%
Ichiro Suzuki Japan
91%
Diego Maradona Argentina
89%
Cristiano Ronaldo Portugal
88%
Maria Sharapova Russia
86%
Rafael Nadal Spain
82%
Björn Borg Sweden
79%
Novak Đoković Serbia
76%
Yuna Kim South Korea
74%
Sebastian Vettel Germany
69%
Luis Suarez Uruguay
68%
Manny Pacquiao Philippines
59%
Nadia Comăneci Romania
57%
Teemu Selänne Finland
52%
Hakeem Olajuwon Nigeria
50%
Marta Brazil
49%
Donald Bradman Australia
47%
Haile Gebrselassie Ethiopia
43%
Gary Player South Africa
37%
Oksana Baiul Ukraine
33%
Miguel Cabrera Venezuela
31%
Eddy Merckx Belgium
28%
No matching quizzes found
Score Distribution
Percent of People with Each Score
Percentile by Number Answered
Your Score History
You have not taken this quiz since the last reset